000 00643nam a2200229Ia 4500
003 OSt
005 20221007070840.0
006 a|||||r|||| 00| 0
007 ta
008 221006b |||||||| |||| 00| 0 eng d
024 _a12,021
037 _cTextual
040 _aFLL
_cFLL
_beng
041 _2eng
_aeng
082 _aV2:2:Z, M3
100 _aWadhwa D.C. Au.
_9683952
245 0 _aRe-promulgation of ordinances
_b A fraud on the constitution of india
260 _aIndore
_bVedpal law house India
_c1983
300 _a259p
_ccm.
942 _hV2:2:Z, M3
_cTEXL
_2CC
999 _c1141718
_d1141718